Capitales des pays qui commencent par M - Statistiques

Statistiques générales
  • Ce quiz a été pris 275 fois
  • Le résultat moyen est 13 sur 18
Statistiques - réponses
M Pays Capitale % Correct
Monaco Monaco
97%
Maroc Rabat
96%
Mexique Mexico
95%
Malte La Valette
90%
Malaisie Kuala Lumpur
85%
Mali Bamako
84%
Madagascar Antananarivo
83%
Mongolie Oulan-Bator
83%
Macedoine Skopje
83%
Moldavie Chisinau
76%
Maldives Malé
69%
Monténégro Podgorica
67%
Mauritanie Nouakchott
64%
Maurice Port-Louis
59%
Mozambique Maputo
55%
Malawi Lilongwe
50%
Micronésie Palikir
36%
Îles Marshall Majuro
29%
Aucun quiz correspondant
Distribution des résultats
% des personnes avec chaque résultat
Percentile par nombre de réponses
Votre historique - résultats
Vous n’avez pas pris ce quiz